LEADER 01583nlm0 2200361 450 001 000037883 005 20250423140522.0 010 $a978-88-351-4129-7$beBook-PDF 100 $a20231030d2022----km-y0itay50------ba 101 0 $aita 102 $aIT 105 $a--------001cy 106 $as 135 $adoug----uuuuu 200 1 $aNew webquest$brisorsa elettronica$eapprendimento cooperativo, comunità creative di ricerca e complex learning nella scuola di oggi$fFrancesco Bearzi, Salvatore Colazzo 205 $a2. ed. aggiornata con nuove appendici su neuroscienze e apprendimento cooperativo e sulla didattica trasformativa post-pandemica 210 $aMilano$cAngeli$d2022 215 $a1 testo elettronico (263 p.) 225 2 $aPLA$eProcessi e linguaggi dell'apprendimento$v3.1 230 $aTesto elettronico 327 1 $aIndice del libro free access:$uhttp://digital.casalini.it/9788835141297 410 0$12001$aPLA$eProcessi e linguaggi dell'apprendimento$v3.1 500 10$aNew webquest$94373276 610 1 $aScuole$aLavoro di gruppo 676 $a371.36$v23$9METODO DEI PROGETTI (APPRENDIMENTO COOPERATIVO) 700 1$aBearzi,$bFrancesco$4070$01774635 701 1$aColazzo,$bSalvatore$4070$0451457 801 0$aIT$bUNIPARTHENOPE$c20250423$gREICAT$2UNIMARC 856 4 $aData ultima consultazione: 23-04-2025$uhttp://digital.casalini.it/9788835141297$zAccesso limitato alla rete di Ateneo Università di Napoli "Parthenope" 912 $a000037883 951 $aEBOOK$b49891$cNAVA1$d2025 996 $aNew webquest$94373276 997 $aUNIPARTHENOPE